| 000 | 00535ntaaa2200205 4500 | ||
|---|---|---|---|
| 003 | 01 | ||
| 005 | 20251027202143.0 | ||
| 008 | 0714s1973 ag 01 | ||
| 020 | _a8426904262 | ||
| 040 |
_aAR-BaBN _bspa _cAR-BaBN _eaacr _dRIC |
||
| 082 | _a264.0200 D85c | ||
| 100 |
_aDuchesneau, Claude _920039 |
||
| 245 | _aLa celebración en la vida cristiana | ||
| 250 | _a1 ed. | ||
| 260 |
_aMadrid : _bMarova, _c1975 |
||
| 300 |
_a132 p ; _c21 cm |
||
| 500 | _aContiene notas y bibliografía | ||
| 650 |
_aliturgia catolica _9838 |
||
| 942 | _cBK | ||
| 999 |
_c16502 _d16502 |
||